|
|
|
|
| LEADER |
00000nab a2200000uu 4500 |
| 001 |
vtls011510261 |
| 003 |
SK-MaSNL |
| 005 |
20260304020934.0 |
| 008 |
230302|2000 xo |||||||||||||||||slo| |
| 015 |
|
|
|a SNBRB
|
| 035 |
|
|
|a (urnnbn)urn:nbn:sk:snk:ar-000jgn
|
| 035 |
|
|
|a (uuid)128ed195-ee39-4e51-95d4-cbed6d5a4fef
|
| 035 |
|
|
|a urn:nbn:sk:snk-abe15j
|
| 040 |
|
|
|a SNKBUCL
|b slo
|c SNKBUCL
|e AACR2
|
| 041 |
0 |
|
|a slo
|
| 044 |
|
|
|a xo
|c SK
|
| 100 |
1 |
|
|a Chudoba, Andrej,
|d 1927-2014
|4 aut
|9 13298
|
| 245 |
1 |
0 |
|a CESTA NA KONIEC STOROČIA
|c Andrej Chudoba
|
| 773 |
0 |
|
|t Slovenské pohľady
|g Roč. 116, č. 7 - 8 (2000), s. 25-36
|
| 958 |
|
|
|a OND
|
| 958 |
|
|
|a EUIPO
|
| 958 |
|
|
|a article21
|
| 999 |
|
|
|c 2602321
|d 2604251
|